Statistics for Historical Events and Figures #8

Click here to take the quiz!

General Stats

  • This quiz has been taken 33 times
  • The average score is 5 of 20

Answer Stats

DescriptionAnswer% Correct
Dutch dancer convicted of bieng a German spy in WWIMata Hari
71%
Socialist President of Venezuela who reformed old policies, died in 2013Hugo Chavez
64%
Seized control of Chile after a U.S.-backed coupAugusto Pinochet
61%
Chilean writer who wrote "The House of the Spirits"Isabel Allende
43%
French feminist writer who wrote "The Second Sex"Simone de Beauvoir
43%
Former president of Peru who was arrested after servingAlberto Fujimori
29%
State Counselor of Myanmar who brought democracy to the countryAung San Suu Kyi
21%
Meeting held after the fall of Napoleonic France to maintain peaceCongress of Vienna
21%
Argentine wrtier who wrote "Ficciones" and "The Library of Babel"Jorge Luis Borges
21%
German politician who established East Germany and ruled it.Walter Ulbricht
21%
Former President of Brazil who was impeached in 2016Dilma Rousseff
18%
Mexican revolutionist who led pesant revoltsEmiliano Zapata
18%
Queen of Palmyre in Syria during the 200sZenobia
14%
Argentinian who led revolutions in Argentina, Chile, and PeruJose de San Martin
11%
Guatemalan civil rights activist who campaigned for indigenous residents after the Guatemalan Civil WarRigoberta Menchu
11%
Attemped revolution against the Qing dynastyTaiping Rebellion
7%
Prominent Queen in Mayan historyLady Xoc
4%
Leader of the rebellion against the Qing dynastyHong Xiuquan
0%
Ruler of Incan Empire who elevated its power to its heightHuayna Cupac
0%
Shogun who helped start the Meiji Restoration and helped bring power back the emperorTokugawa Yoshinobu
0%

Score Distribution

Percentile by Number Answered

Percent of People with Each Score

Your Score History

You have not taken this quiz